000 00716nam a2200241 i 4500
003 DO-SdBNP
005 20230614102658.0
007 ta
008 230614b2022 dr a|||| |||| 00| 0 spa d
020 _a9789945610604
040 _aDO-SdBNP
_bspa
_cBNPHU
_erda
082 4 _222
245 0 0 _aUna década de labor jurisprudencial
264 _aSanto Domingo :
_bTribunal Constitucional de la República Dominicana,
_c2022.
300 _avolumen :
_bilustración ;
_c23 cm.
336 _2rdacontent
_atexto
_btxt
337 _2rdamedia
_asin mediación
_bn
338 _2rdacarrier
_avolumen
_bnc
500 _aIncluye índice temático
590 _aInventariado, 2023/BT
910 _aBtavárez
942 _2ddc
_cLBS1
999 _c53818
_d53818